| 000 | 00740nam a2200205 i 4500 | ||
|---|---|---|---|
| 001 | 150305 | ||
| 003 | ES-MaACL | ||
| 005 | 20230906203444.0 | ||
| 007 | t| | ||
| 008 | 071029s1978 sp ||||1| cat d | ||
| 100 | 1 |
_aVallès, Edmon. _9112874 |
|
| 245 | 1 | 3 |
_aLa Generalitat de Catalunya en la historia / _c[per] Edmond Vallés. |
| 250 | _a1ª ed. | ||
| 260 |
_aBarcelona : _bCaixa de Pensions per a la Vellesa i D'Estalvis, _c[1978] |
||
| 300 |
_a191 p., 30 lám. : _bil. ; _c30 cm. |
||
| 610 | 1 |
_aCataluña. _bGeneralidad- _vHistoria. _92506 |
|
| 651 | 4 |
_aCataluña- _xHistoria- _vObras ilustradas. _98018 |
|
| 710 | 2 |
_aCaja de Pensiones para la Vejez y de Ahorros de Cataluña y Baleares. _92328 |
|
| 852 |
_aES-MaACL _jA-8315 _bR.97658 |
||
| 999 |
_c150305 _d150305 |
||